000 00695nam a22002657a 4500
001 BR9903260
003 BR-BrBNA
005 20230928100417.0
007 ta
008 230509b bl.||||| |||| 00| 0 por d
040 _aBR-BrBNA
_bpor
_cBiblioteca Nacional de Agricultura
041 _a(Por)
072 _aF01
_b3530
_b4420
090 _ 3530 BR9903260
110 1 _aFundo Paulista de Defesa da Citricultura, Araraquara, SP (Brasil)
_95212
245 1 _aViveiros
260 3 _aAraraquara, SP (Brasil):
_c[nd].
300 _a11 p.
500 _a23 illus.
650 _aMuda
650 _aViveiro
650 _aProducao Vegetal
909 _a202309
_bLucia
_c55
_dLucia Elande
942 _cBK
999 _c61222
_d61222